Applied Psychology for Nurses/ (Record no. 1359)
[ view plain ]
| 000 -LEADER | |
|---|---|
| Fixed length control field | 00528nam a2200193Ia 4500 |
| 003 - CONTROL NUMBER IDENTIFIER | |
| Control field | IIN |
| 005 - DATE AND TIME OF LATEST TRANSACTION | |
| Control field | 20250519105504.0 |
| 008 - FIXED-LENGTH DATA ELEMENTS--GENERAL INFORMATION | |
| Fixed length control field | 231217s2022 xx ad 001 0 eng d |
| 020 ## - INTERNATIONAL STANDARD BOOK NUMBER / ISBN | |
| Price | Rs.625.00 |
| International Standard Book Number | 9789386006998 |
| 040 ## - CATALOGING SOURCE | |
| Original cataloging agency | IIN |
| Language of cataloging | English |
| 082 ## - DEWEY DECIMAL CLASSIFICATION NUMBER | |
| Classification number | 150.2461073 |
| Book Number | RAJ |
| 100 1# - MAIN ENTRY--PERSONAL NAME | |
| Personal name | Raj, D. Elakkuvana Bhaskara |
| 245 #2 - TITLE STATEMENT | |
| Title | Applied Psychology for Nurses/ |
| Statement of responsibility | D. Elakkuvana Bhaskara Raj |
| 260 ## - IMPRINT | |
| Name of publisher | EMMESS |
| Place of publication | Bangalore |
| Date of publication | 2022 |
| 300 ## - PHYSICAL DESCRIPTION | |
| Page / Vol. No | viii, 344p. |
| Other physical details | ill. |
| 500 ## - GENERAL NOTE | |
| General note | Includes Index |
| 650 1# - SUBJECT ADDED ENTRY--TOPICAL TERM | |
| Topical term | Psychology |
| 942 ## - ADDED ENTRY ELEMENTS (KOHA) | |
| Koha item type | Books |
| Withdrawn status | Lost status | Damaged status | Not for loan | Collection code | Home library | Current library | Date acquired | Price | Total Checkouts | Call number | Accession number | Date last seen | Price effective from | Koha item type | Source of classification | Shelving location |
|---|---|---|---|---|---|---|---|---|---|---|---|---|---|---|---|---|
| IDEAL INSTITUTE OF NURSING | IDEAL INSTITUTE OF NURSING | 17/12/2023 | 595.00 | 150.2461073 RAJ | 1353 | 17/12/2023 | 17/12/2023 | Books | ||||||||
| IDEAL INSTITUTE OF NURSING | IDEAL INSTITUTE OF NURSING | 17/12/2023 | 595.00 | 150.2461073 RAJ | 1354 | 17/12/2023 | 17/12/2023 | Books | ||||||||
| IDEAL INSTITUTE OF NURSING | IDEAL INSTITUTE OF NURSING | 17/12/2023 | 595.00 | 150.2461073 RAJ | 1355 | 17/12/2023 | 17/12/2023 | Books | ||||||||
| Purches Book | IDEAL INSTITUTE OF NURSING | IDEAL INSTITUTE OF NURSING | 11/03/2025 | 625.00 | 150.2461073 RAJ | 2019 | 19/05/2025 | 19/05/2025 | Books | Dewey Decimal Classification | General Stacks |
